[Event "Quebec op"]
[Site "Montreal CAN"]
[Date "1997.07.29"]
[Round "5"]
[White "Roy, Alain"]
[Black "Delisle, Claude"]
[Result "1-0"]
[WhiteElo "2162"]
[BlackElo "1926"]
[PlyCount "85"]
[GameId "2160767911932392"]
[EventDate "1997.07.26"]
[EventType "swiss"]
[EventRounds "9"]
[EventCountry "CAN"]
[SourceTitle "EXT 97"]
[Source "ChessBase"]
[SourceDate "1997.11.17"]
[SourceVersion "1"]
[SourceVersionDate "1997.11.17"]
[SourceQuality "1"]

1. c4 g6 2. Nc3 Bg7 3. g3 e5 4. Bg2 d6 5. e3 Nc6 6. Nge2 Nge7 7. O-O O-O 8. d3 Be6 9. Nd5 Qd7 10. Nec3 f5 11. f4 Nd8 12. Bd2 c6 13. Nxe7+ Qxe7 14. b3 Nf7 15. Qe2 Rfe8 16. Rae1 Rad8 17. e4 Qd7 18. Qf3 Rf8 19. Kh1 Rde8 20. Qf2 a6 21. Qb6 Bf6 22. Na4 Bd8 23. Qb4 b5 24. cxb5 axb5 25. Nb2 Bb6 26. Qc3 Bd4 27. Qc2 Qa7 28. Nd1 Ra8 29. exf5 gxf5 30. Nc3 b4 31. Na4 c5 32. Qd1 Rae8 33. Qh5 Qe7 34. g4 Qf6 35. Nb6 Qg6 36. Nd5 Kg7 37. Nc7 Re7 38. Nxe6+ Rxe6 39. Qxf5 Qxf5 40. gxf5 Rf6 41. Be4 Nh6 42. fxe5 dxe5 43. Bg5 1-0

[Event "Quebec op"]
[Site "Montreal CAN"]
[Date "1997.07.29"]
[Round "6"]
[White "Hua, Lefong"]
[Black "Grondin, Jean-Philippe"]
[Result "1-0"]
[WhiteElo "2211"]
[BlackElo "2093"]
[PlyCount "77"]
[GameId "2160767911932395"]
[EventDate "1997.07.26"]
[EventType "swiss"]
[EventRounds "9"]
[EventCountry "CAN"]
[SourceTitle "EXT 97"]
[Source "ChessBase"]
[SourceDate "1997.11.17"]
[SourceVersion "1"]
[SourceVersionDate "1997.11.17"]
[SourceQuality "1"]

1. d4 Nf6 2. c4 e6 3. Nf3 d5 4. cxd5 exd5 5. Bg5 Be7 6. Nc3 c6 7. Qc2 Nbd7 8. e3 Nf8 9. h3 Ne6 10. Bh4 g6 11. Ne5 Ng7 12. g4 Nd7 13. Bg3 Nxe5 14. Bxe5 f6 15. Bg3 Bd6 16. Bxd6 Qxd6 17. O-O-O O-O 18. Bd3 Bd7 19. Kb1 Rae8 20. Qb3 Kh8 21. Rd2 Bc8 22. Na4 b6 23. Rc2 f5 24. gxf5 gxf5 25. Rhc1 Bd7 26. Nc3 Ne6 27. f4 Nc7 28. Nd1 Rg8 29. Bf1 Qe7 30. Rc3 Rg1 31. Nf2 Qh4 32. Qc2 Re7 33. Re1 Nb5 34. Rd3 Nd6 35. Rdd1 Rg3 36. Qc1 Ne4 37. Nd3 Rg1 38. Ne5 Be8 39. Nf3 1-0

[Event "Quebec op"]
[Site "Montreal CAN"]
[Date "1997.07.30"]
[Round "6"]
[White "Burnett, Ronald"]
[Black "Pineault, Denis"]
[Result "1-0"]
[WhiteElo "2445"]
[BlackElo "2179"]
[PlyCount "61"]
[GameId "2160767911932396"]
[EventDate "1997.07.26"]
[EventType "swiss"]
[EventRounds "9"]
[EventCountry "CAN"]
[SourceTitle "EXT 97"]
[Source "ChessBase"]
[SourceDate "1997.11.17"]
[SourceVersion "1"]
[SourceVersionDate "1997.11.17"]
[SourceQuality "1"]

1. e4 c5 2. Nf3 Nc6 3. d4 cxd4 4. Nxd4 e5 5. Nb5 d6 6. N1c3 a6 7. Na3 b5 8. Nd5 Nge7 9. c3 Nxd5 10. exd5 Ne7 11. Nc2 g6 12. a4 Bd7 13. axb5 axb5 14. Bg5 Bg7 15. Nb4 f6 16. Bd2 O-O 17. Bd3 Qc7 18. O-O Rxa1 19. Qxa1 Qb7 20. Qa2 Ra8 21. Qb3 Kh8 22. f4 Bh6 23. Qd1 Nxd5 24. Be4 Qa7+ 25. Kh1 Nxb4 26. Bxa8 Qxa8 27. fxe5 Bh3 28. Qe2 Bxd2 29. Qxd2 Nd3 30. exf6 Nf4 31. Kg1 1-0

[Event "Quebec op"]
[Site "Montreal CAN"]
[Date "1997.07.30"]
[Round "6"]
[White "Clement, Michel"]
[Black "Roy, Alain"]
[Result "1-0"]
[WhiteElo "1997"]
[BlackElo "2162"]
[PlyCount "123"]
[GameId "2160767911932398"]
[EventDate "1997.07.26"]
[EventType "swiss"]
[EventRounds "9"]
[EventCountry "CAN"]
[SourceTitle "EXT 97"]
[Source "ChessBase"]
[SourceDate "1997.11.17"]
[SourceVersion "1"]
[SourceVersionDate "1997.11.17"]
[SourceQuality "1"]

1. e4 g6 2. d4 Bg7 3. Nf3 d6 4. Nc3 Nf6 5. Be2 O-O 6. O-O c6 7. a4 Nbd7 8. Re1 e5 9. dxe5 dxe5 10. Bc4 Nh5 11. Be3 h6 12. Qd6 Kh7 13. Rad1 Bf6 14. Qd2 g5 15. h3 Qe7 16. Qd6 Nf4 17. Qxe7 Bxe7 18. Ne2 h5 19. Nxf4 gxf4 20. Bd2 a5 21. Bc3 Nb6 22. Be2 f6 23. b3 Rg8 24. Kf1 Bc5 25. Nd2 h4 26. Nf3 Be6 27. Nxh4 Rg5 28. Nf5 Rxf5 29. exf5 Bxf5 30. Bd3 Kg6 31. Bxf5+ Kxf5 32. Bd2 Nd5 33. c4 Ne7 34. Bc3 Ke6 35. Bd2 Kf5 36. Bc3 Ke6 37. Bd2 Ng6 38. Bc3 Nh4 39. g3 Nf3 40. Re2 Rg8 41. Rd3 Nh2+ 42. Kg2 f3+ 43. Rxf3 Nxf3 44. Kxf3 b6 45. g4 Rd8 46. Rd2 Bd4 47. Bxd4 exd4 48. h4 Ke5 49. Re2+ Kd6 50. h5 Kc5 51. Rd2 Kb4 52. Rd3 Ka3 53. Ke4 c5 54. Kf5 Kb2 55. Kxf6 Kc2 56. Rh3 d3 57. Rxd3 Kxd3 58. h6 Kc3 59. g5 Kxb3 60. g6 Rd6+ 61. Kf7 Kxc4 62. h7 1-0

[Event "Quebec op"]
[Site "Montreal CAN"]
[Date "1997.07.30"]
[Round "6"]
[White "Gladu, Pierre"]
[Black "Schleifer, Michael"]
[Result "0-1"]
[WhiteElo "2099"]
[BlackElo "2327"]
[PlyCount "52"]
[GameId "2160767911932400"]
[EventDate "1997.07.26"]
[EventType "swiss"]
[EventRounds "9"]
[EventCountry "CAN"]
[SourceTitle "EXT 97"]
[Source "ChessBase"]
[SourceDate "1997.11.17"]
[SourceVersion "1"]
[SourceVersionDate "1997.11.17"]
[SourceQuality "1"]

1. e4 d6 2. d4 Nf6 3. Nc3 g6 4. f4 Bg7 5. Nf3 O-O 6. Bd3 c5 7. dxc5 Nbd7 8. cxd6 exd6 9. O-O Nc5 10. Kh1 Re8 11. f5 Nfxe4 12. Nxe4 Nxe4 13. Bxe4 Rxe4 14. fxg6 hxg6 15. Ng5 Re7 16. Qf3 Qc7 17. Bf4 Bf5 18. Qg3 Qxc2 19. Rac1 Qxb2 20. Bxd6 Rd7 21. Ba3 Qd4 22. Rce1 Qg4 23. Qe3 Bf8 24. Bb2 Qb4 25. Qe5 f6 26. Qxf6 Bg7 0-1

[Event "Quebec op"]
[Site "Montreal CAN"]
[Date "1997.07.30"]
[Round "6"]
[White "Gofshtein, Leonid"]
[Black "Vera, Reynaldo"]
[Result "1-0"]
[WhiteElo "2545"]
[BlackElo "2530"]
[PlyCount "71"]
[GameId "2160767911932401"]
[EventDate "1997.07.26"]
[EventType "swiss"]
[EventRounds "9"]
[EventCountry "CAN"]
[SourceTitle "EXT 97"]
[Source "ChessBase"]
[SourceDate "1997.11.17"]
[SourceVersion "1"]
[SourceVersionDate "1997.11.17"]
[SourceQuality "1"]

1. e4 c5 2. Nf3 d6 3. d4 cxd4 4. Nxd4 Nf6 5. Nc3 a6 6. Be3 Nbd7 7. Qe2 b5 8. g4 Bb7 9. Bg2 e5 10. Nf5 g6 11. Ng3 b4 12. Nd5 Bxd5 13. exd5 h5 14. g5 h4 15. Ne4 Nxe4 16. Bxe4 Be7 17. Rg1 Qa5 18. Bd2 Qb6 19. Rg4 a5 20. O-O-O a4 21. Kb1 Nc5 22. f4 b3 23. Bc3 bxa2+ 24. Kxa2 a3 25. b3 Qc7 26. Ba1 Rb8 27. fxe5 dxe5 28. Bxg6 Bd6 29. Bxe5 Bxe5 30. d6 Ne4 31. Rxe4 Qc3 32. Rxe5+ Kd8 33. Rb1 fxg6 34. Re3 Qc6 35. Rc3 Re8 36. Qe7+ 1-0

[Event "Quebec op"]
[Site "Montreal CAN"]
[Date "1997.07.30"]
[Round "6"]
[White "Goldenberg, Danny"]
[Black "Leriche, Felix"]
[Result "1-0"]
[WhiteElo "2272"]
[BlackElo "2005"]
[PlyCount "45"]
[GameId "2160767911932402"]
[EventDate "1997.07.26"]
[EventType "swiss"]
[EventRounds "9"]
[EventCountry "CAN"]
[SourceTitle "EXT 97"]
[Source "ChessBase"]
[SourceDate "1997.11.17"]
[SourceVersion "1"]
[SourceVersionDate "1997.11.17"]
[SourceQuality "1"]

1. e4 c6 2. d4 d5 3. Nc3 dxe4 4. Nxe4 Bf5 5. Ng3 Bg6 6. h4 h6 7. f4 e6 8. Nf3 Nd7 9. h5 Bh7 10. Bd3 Bxd3 11. Qxd3 Qc7 12. O-O O-O-O 13. Qe2 Ngf6 14. c4 c5 15. b4 cxd4 16. a3 Kb8 17. Nxd4 Nb6 18. c5 Rxd4 19. Bb2 Rd5 20. Be5 Rxe5 21. fxe5 Nbd5 22. Kh2 Qxe5 23. Qxe5+ 1-0

[Event "Quebec op"]
[Site "Montreal CAN"]
[Date "1997.07.30"]
[Round "6"]
[White "Luksza, Arkadiusz"]
[Black "Rousseau, Daniel"]
[Result "1-0"]
[WhiteElo "2106"]
[BlackElo "1967"]
[PlyCount "81"]
[GameId "2160767911932405"]
[EventDate "1997.07.26"]
[EventType "swiss"]
[EventRounds "9"]
[EventCountry "CAN"]
[SourceTitle "hb 2011"]

1. g3 Nf6 2. Bg2 g6 3. e4 d6 4. d4 Bg7 5. Bg5 c5 6. dxc5 Qa5+ 7. Qd2 Qxc5 8. Nc3 Nc6 9. Nge2 Ng4 10. Nc1 h6 11. Bf4 g5 12. Nd3 Qc4 13. Nd5 Nd4 14. c3 Ne6 15. Be3 Nxe3 16. Nxe3 Qc7 17. Nf5 Bf6 18. Nb4 Be5 19. Nd5 Qc4 20. Nfxe7 Bd7 21. Qe3 Bb5 22. Bf1 Qa4 23. Bxb5+ Qxb5 24. Nf5 Rg8 25. Nf6+ Kf8 26. Nxg8 Kxg8 27. Nxh6+ Kf8 28. Qe2 Qc6 29. O-O Nc5 30. Rfe1 Re8 31. Nf5 Bf6 32. Qh5 Re6 33. Nd4 Bxd4 34. cxd4 Nxe4 35. Rac1 Qd5 36. Rc8+ Ke7 37. Rc7+ Kd8 38. Qxf7 Nc5 39. Rxe6 Qxe6 40. Qxe6 Nxe6 41. Rxb7 1-0

[Event "Quebec op"]
[Site "Montreal CAN"]
[Date "1997.07.30"]
[Round "6"]
[White "Mikanovic, Goran"]
[Black "Girard, Robin"]
[Result "1/2-1/2"]
[WhiteElo "2336"]
[BlackElo "2241"]
[PlyCount "131"]
[GameId "2160767911932406"]
[EventDate "1997.07.26"]
[EventType "swiss"]
[EventRounds "9"]
[EventCountry "CAN"]
[SourceTitle "EXT 97"]
[Source "ChessBase"]
[SourceDate "1997.11.17"]
[SourceVersion "1"]
[SourceVersionDate "1997.11.17"]
[SourceQuality "1"]

1. d4 d5 2. c4 e6 3. Nf3 c5 4. cxd5 exd5 5. Nc3 Nc6 6. g3 Nf6 7. Bg2 Be7 8. O-O O-O 9. Bg5 cxd4 10. Nxd4 Re8 11. Rc1 h6 12. Be3 Bf8 13. Nxc6 bxc6 14. Na4 Bd7 15. Bc5 Qa5 16. Re1 Rab8 17. a3 Bg4 18. Bxf8 Kxf8 19. f3 Bf5 20. b4 Qa6 21. e3 Re7 22. Bf1 Qb7 23. Qd4 Rbe8 24. Kf2 Nd7 25. Nc5 Qb6 26. Nxd7+ Bxd7 27. Bd3 Qxd4 28. exd4 Rxe1 29. Rxe1 Rxe1 30. Kxe1 Ke7 31. Kd2 Kd6 32. Ke3 Bc8 33. h4 Bd7 34. Kf4 Bc8 35. g4 Bb7 36. g5 hxg5+ 37. Kxg5 Ke7 38. h5 Bc8 39. h6 gxh6+ 40. Kxh6 Kf6 41. Kh5 Bf5 42. Ba6 Bd7 43. Kh4 Kf5 44. Kg3 Ke6 45. Kf4 f6 46. Bd3 Kd6 47. Bf5 Be8 48. Kg4 Bf7 49. Kh4 Ke7 50. Bg4 Be8 51. Bh5 Bd7 52. Bg6 Be6 53. Kh5 Bh3 54. Bd3 Be6 55. Kh4 Bd7 56. Kg3 Kd6 57. Kf4 Be6 58. Bf5 Bf7 59. Ke3 Kc7 60. Kd2 Bh5 61. f4 Bf7 62. Kc3 Kb6 63. a4 Bh5 64. a5+ Kc7 65. Bd3 Be8 66. Bf5 1/2-1/2

[Event "Quebec op"]
[Site "Montreal CAN"]
[Date "1997.07.30"]
[Round "6"]
[White "Murey, Jacob"]
[Black "Castaneda, Nelson"]
[Result "1/2-1/2"]
[WhiteElo "2440"]
[BlackElo "2310"]
[PlyCount "138"]
[GameId "2160767911932407"]
[EventDate "1997.07.26"]
[EventType "swiss"]
[EventRounds "9"]
[EventCountry "CAN"]
[SourceTitle "EXT 97"]
[Source "ChessBase"]
[SourceDate "1997.11.17"]
[SourceVersion "1"]
[SourceVersionDate "1997.11.17"]
[SourceQuality "1"]

1. d4 Nf6 2. c4 d6 3. Nc3 g6 4. e4 Bg7 5. f3 O-O 6. Be3 Nc6 7. Nge2 a6 8. Qd2 Rb8 9. h4 e5 10. d5 Na5 11. Ng3 c5 12. dxc6 bxc6 13. h5 Be6 14. b3 Nb7 15. Rd1 Qc7 16. Bh6 Bxh6 17. Qxh6 Rfd8 18. Nf5 Ne8 19. g4 Rd7 20. Rd2 Qa5 21. Nd5 cxd5 22. cxd5 Bxf5 23. gxf5 Rc8 24. fxg6 Rc1+ 25. Ke2 fxg6 26. Bh3 Qb5+ 27. Kf2 Qc5+ 28. Ke2 Qb5+ 29. Kf2 Rxh1 30. Be6+ Rf7 31. Bxf7+ Kxf7 32. hxg6+ hxg6 33. Qxh1 Nc5 34. Qf1 Qb4 35. Qc1 Nf6 36. Rd1 Nh5 37. Qh6 Qc3 38. Qd2 Qxd2+ 39. Rxd2 Nf4 40. Ke3 a5 41. Rh2 Nh5 42. Rb2 Nf4 43. a3 Ke7 44. b4 axb4 45. Rxb4 Kd7 46. a4 Nfd3 47. Rb1 Nf4 48. a5 Kc7 49. Rb6 Nb7 50. Rc6+ Kb8 51. a6 Na5 52. Rc2 Ka7 53. Kd2 Nb3+ 54. Ke3 Nc5 55. Rh2 Kxa6 56. Rh8 Kb6 57. Rc8 Nb7 58. Rc6+ Kb5 59. Kf2 Nd3+ 60. Kg3 Nf4 61. Kf2 Nd3+ 62. Ke3 Ndc5 63. Rc7 Na5 64. Rg7 Nc4+ 65. Ke2 Kb4 66. Rxg6 Kc3 67. Rg3 Kd4 68. Rg1 Nb2 69. Rg6 Nc4 1/2-1/2

[Event "Quebec op"]
[Site "Montreal CAN"]
[Date "1997.07.30"]
[Round "6"]
[White "Prahov, Valentin"]
[Black "Gagnon, Michel"]
[Result "1-0"]
[WhiteElo "2200"]
[BlackElo "2059"]
[PlyCount "103"]
[GameId "2160767911932408"]
[EventDate "1997.07.26"]
[EventType "swiss"]
[EventRounds "9"]
[EventCountry "CAN"]
[SourceTitle "EXT 97"]
[Source "ChessBase"]
[SourceDate "1997.11.17"]
[SourceVersion "1"]
[SourceVersionDate "1997.11.17"]
[SourceQuality "1"]

1. e4 c5 2. Nf3 d6 3. d4 cxd4 4. Nxd4 Nf6 5. Nc3 a6 6. Be2 e6 7. Be3 Qc7 8. a4 b6 9. O-O Bb7 10. Bd3 Nbd7 11. f4 Be7 12. Qf3 Nc5 13. g4 d5 14. e5 Nfe4 15. Bxe4 dxe4 16. Qg3 g6 17. Rf2 O-O-O 18. a5 bxa5 19. Rff1 Rd7 20. Na4 Kb8 21. c3 h5 22. g5 Rhd8 23. Qg2 Rd5 24. Ra2 Nxa4 25. Rxa4 Bc5 26. Rfa1 Bb6 27. Qe2 Qd7 28. Qc4 Bxd4 29. Bxd4 e3 30. Rxa5 Rxd4 31. cxd4 Qxd4 32. Qxd4 Rxd4 33. Re1 Rd2 34. Rxe3 Rg2+ 35. Kf1 Rxh2 36. Re2 Rh1+ 37. Kf2 Kc7 38. Ra3 Bc6 39. Rd2 h4 40. Rc3 Kb7 41. b3 Bd5 42. Rdd3 Rh2+ 43. Ke1 Rh1+ 44. Kd2 Rf1 45. Rd4 Bg2 46. Rb4+ Ka8 47. Rc8+ Ka7 48. Rc7+ Ka8 49. Rxf7 h3 50. Rh7 Rh1 51. Rb6 Bd5 52. Rd6 1-0

[Event "Quebec op"]
[Site "Montreal CAN"]
[Date "1997.07.30"]
[Round "6"]
[White "Reeve, Jeff"]
[Black "Levtchouk, George"]
[Result "0-1"]
[WhiteElo "2180"]
[BlackElo "2348"]
[PlyCount "68"]
[GameId "2160767911932409"]
[EventDate "1997.07.26"]
[EventType "swiss"]
[EventRounds "9"]
[EventCountry "CAN"]
[SourceTitle "EXT 97"]
[Source "ChessBase"]
[SourceDate "1997.11.17"]
[SourceVersion "1"]
[SourceVersionDate "1997.11.17"]
[SourceQuality "1"]

1. e4 g6 2. d4 Bg7 3. c4 d6 4. Nf3 Nf6 5. Nc3 O-O 6. Be2 e5 7. O-O Nc6 8. d5 Ne7 9. b4 a5 10. Ba3 axb4 11. Bxb4 Nd7 12. a4 Kh8 13. Nd2 f5 14. Bf3 Ng8 15. Nb3 Rf7 16. c5 Bf8 17. c6 bxc6 18. dxc6 Ndf6 19. Re1 f4 20. Na5 g5 21. Nc4 Be6 22. Na3 g4 23. Be2 f3 24. gxf3 gxf3 25. Bxf3 Ng4 26. h3 Nxf2 27. Kxf2 Qh4+ 28. Ke3 Bh6+ 29. Kd3 Qxh3 30. Rh1 Rxf3+ 31. Kc2 Rf2+ 32. Kb1 Rb8 33. Nab5 Qg2 34. Ra3 Rb2+ 0-1

[Event "Quebec op"]
[Site "Montreal CAN"]
[Date "1997.07.30"]
[Round "6"]
[White "Wenaas, Eric"]
[Black "Ibrahim, Anthony"]
[Result "0-1"]
[WhiteElo "2133"]
[BlackElo "2063"]
[PlyCount "88"]
[GameId "2160767911932410"]
[EventDate "1997.07.26"]
[EventType "swiss"]
[EventRounds "9"]
[EventCountry "CAN"]
[SourceTitle "EXT 97"]
[Source "ChessBase"]
[SourceDate "1997.11.17"]
[SourceVersion "1"]
[SourceVersionDate "1997.11.17"]
[SourceQuality "1"]

1. c4 Nf6 2. Nf3 g6 3. Nc3 Bg7 4. d4 O-O 5. e4 d6 6. Be2 e5 7. dxe5 dxe5 8. Qxd8 Rxd8 9. Bg5 Re8 10. Nd5 Nxd5 11. cxd5 c6 12. Bc4 cxd5 13. Bxd5 Nc6 14. O-O-O Nb4 15. Bb3 a5 16. a3 Nc6 17. Kb1 Bg4 18. Bd5 h6 19. Be3 Nd4 20. Nxd4 exd4 21. f3 Bxf3 22. gxf3 dxe3 23. Rhe1 Be5 24. Rxe3 Bxh2 25. Rb3 Rab8 26. Rxb7 Rxb7 27. Bxb7 Re7 28. Bd5 Kg7 29. Kc2 Be5 30. b3 Rc7+ 31. Bc4 a4 32. Rd5 Kf6 33. Ra5 axb3+ 34. Kxb3 h5 35. Rd5 h4 36. a4 h3 37. Rd1 h2 38. Kb4 Bd4 39. Rh1 Bg1 40. a5 Ke5 41. Bd5 g5 42. Kb5 f5 43. a6 fxe4 44. Bxe4 g4 0-1

[Event "Quebec op"]
[Site "Montreal CAN"]
[Date "1997.07.31"]
[Round "7"]
[White "Abreu Cordero, Jose"]
[Black "Fillion, Steve"]
[Result "1-0"]
[WhiteElo "2007"]
[BlackElo "2127"]
[PlyCount "83"]
[GameId "2160767911932412"]
[EventDate "1997.07.26"]
[EventType "swiss"]
[EventRounds "9"]
[EventCountry "CAN"]
[SourceTitle "EXT 97"]
[Source "ChessBase"]
[SourceDate "1997.11.17"]
[SourceVersion "1"]
[SourceVersionDate "1997.11.17"]
[SourceQuality "1"]

1. e4 e6 2. d4 d5 3. Nd2 Be7 4. Ngf3 Nf6 5. e5 Nfd7 6. Bd3 c5 7. c3 Nc6 8. O-O Qb6 9. dxc5 Qc7 10. b4 Ncxe5 11. Nb3 b6 12. Nxe5 Qxe5 13. c6 Nf6 14. Nd4 a6 15. a4 Qc7 16. f4 O-O 17. Qe2 Bd6 18. h3 g6 19. Bd2 Nh5 20. Qf3 e5 21. fxe5 Bxe5 22. g4 Ng7 23. b5 h5 24. Rae1 hxg4 25. hxg4 Bxd4+ 26. cxd4 Be6 27. Bh6 Qd8 28. Qg3 axb5 29. axb5 Ra3 30. Re3 Qe7 31. Bf4 Ne8 32. g5 Qb4 33. Be5 Qd2 34. Ref3 Ng7 35. R1f2 Qd1+ 36. Bf1 Nh5 37. Qg2 Rfa8 38. Rxa3 Rxa3 39. Kh2 Rh3+ 40. Qxh3 Bxh3 41. Bxh3 Qe1 42. Ra2 1-0

[Event "Quebec op"]
[Site "Montreal CAN"]
[Date "1997.07.31"]
[Round "7"]
[White "Cormos, Eugene"]
[Black "Wenaas, Eric"]
[Result "0-1"]
[WhiteElo "2083"]
[BlackElo "2133"]
[PlyCount "76"]
[GameId "2160767911932414"]
[EventDate "1997.07.26"]
[EventType "swiss"]
[EventRounds "9"]
[EventCountry "CAN"]
[SourceTitle "EXT 97"]
[Source "ChessBase"]
[SourceDate "1997.11.17"]
[SourceVersion "1"]
[SourceVersionDate "1997.11.17"]
[SourceQuality "1"]

1. e4 e5 2. Nf3 Nc6 3. Bc4 Bc5 4. c3 Nf6 5. O-O Nxe4 6. d4 d5 7. dxc5 dxc4 8. Qe2 Qd3 9. Re1 Qxe2 10. Rxe2 f5 11. Nxe5 Nxe5 12. f3 Nd3 13. Nd2 Ndxc5 14. fxe4 O-O 15. e5 Be6 16. b3 cxb3 17. Ba3 b2 18. Rf1 b6 19. Bxc5 bxc5 20. Rb1 Rab8 21. Nb3 Bxb3 22. Rexb2 Bxa2 23. Rxb8 Bxb1 24. Rxb1 Ra8 25. e6 a5 26. e7 Kf7 27. Rb5 a4 28. Rxc5 g6 29. Re5 Ke8 30. Re2 a3 31. Ra2 Kxe7 32. Kf2 Kd6 33. Ke3 Kc5 34. Kd3 g5 35. g3 f4 36. gxf4 gxf4 37. Ke4 Kc4 38. Kxf4 Kb3 0-1

[Event "Quebec op"]
[Site "Montreal CAN"]
[Date "1997.07.31"]
[Round "7"]
[White "Delisle, Claude"]
[Black "Bergeron, Florian"]
[Result "1-0"]
[WhiteElo "1926"]
[BlackElo "2095"]
[PlyCount "61"]
[GameId "2160767911932415"]
[EventDate "1997.07.26"]
[EventType "swiss"]
[EventRounds "9"]
[EventCountry "CAN"]
[SourceTitle "EXT 97"]
[Source "ChessBase"]
[SourceDate "1997.11.17"]
[SourceVersion "1"]
[SourceVersionDate "1997.11.17"]
[SourceQuality "1"]

1. d4 Nf6 2. c4 g6 3. Nc3 Bg7 4. e4 d6 5. Be2 O-O 6. Nf3 Nbd7 7. O-O e5 8. Re1 c6 9. Rb1 Re8 10. d5 Nc5 11. Bf1 cxd5 12. cxd5 Kh8 13. b4 Na6 14. h3 Nh5 15. g3 Bd7 16. Be3 f5 17. exf5 gxf5 18. Ng5 Qf6 19. Qxh5 h6 20. Rec1 f4 21. Nce4 Qf8 22. Qg6 hxg5 23. Nxg5 Bf5 24. Nf7+ Kg8 25. Nh6+ Kh8 26. Nxf5 fxe3 27. Bxa6 exf2+ 28. Kxf2 Qxf5+ 29. Qxf5 Rf8 30. Bd3 Rxf5+ 31. Bxf5 1-0

[Event "Quebec op"]
[Site "Montreal CAN"]
[Date "1997.07.31"]
[Round "7"]
[White "Desjardins, Andre"]
[Black "Prahov, Valentin"]
[Result "1/2-1/2"]
[WhiteElo "2055"]
[BlackElo "2188"]
[PlyCount "84"]
[GameId "2160767911932416"]
[EventDate "1997.07.26"]
[EventType "swiss"]
[EventRounds "9"]
[EventCountry "CAN"]
[SourceTitle "EXT 97"]
[Source "ChessBase"]
[SourceDate "1997.11.17"]
[SourceVersion "1"]
[SourceVersionDate "1997.11.17"]
[SourceQuality "1"]

1. e4 c5 2. Nf3 a6 3. Nc3 e6 4. g3 Nc6 5. Bg2 Nf6 6. O-O d6 7. d3 Be7 8. a4 Bd7 9. h3 Nd4 10. Ne2 e5 11. Kh2 b5 12. axb5 axb5 13. Rxa8 Qxa8 14. c3 Nxf3+ 15. Bxf3 Qa4 16. Qxa4 bxa4 17. c4 O-O 18. Bd2 Ra8 19. Ra1 Bc6 20. Nc3 Bd8 21. Bg5 Ng4+ 22. Bxg4 Bxg5 23. Bd1 Bd2 24. Nb5 Kf8 25. Rxa4 Rb8 26. Bb3 Bxb5 27. cxb5 Rxb5 28. Ra8+ Ke7 29. Ra7+ Kf6 30. Rxf7+ Kg6 31. Bc4 Rxb2 32. h4 Be3 33. Kg2 h5 34. Rf8 Kh6 35. Be6 g6 36. Rf7 Bd4 37. Bc4 Rd2 38. Kf1 Rb2 39. Be6 Rd2 40. Rf3 Kg7 41. Bd7 Rb2 42. Kg2 Rb7 1/2-1/2

[Event "Quebec op"]
[Site "Montreal CAN"]
[Date "1997.07.31"]
[Round "7"]
[White "Fontaine, Jacques"]
[Black "Rousseau, Daniel"]
[Result "0-1"]
[WhiteElo "2024"]
[BlackElo "1967"]
[PlyCount "60"]
[GameId "2160767911932418"]
[EventDate "1997.07.26"]
[EventType "swiss"]
[EventRounds "9"]
[EventCountry "CAN"]
[SourceTitle "EXT 97"]
[Source "ChessBase"]
[SourceDate "1997.11.17"]
[SourceVersion "1"]
[SourceVersionDate "1997.11.17"]
[SourceQuality "1"]

1. e4 e5 2. Nf3 Nc6 3. Bb5 a6 4. Ba4 Nf6 5. O-O b5 6. Bb3 Bb7 7. d4 exd4 8. e5 Ne4 9. Bd5 Nc5 10. Nxd4 Nxd4 11. Bxb7 Nxb7 12. Qxd4 Nc5 13. Nc3 Ne6 14. Qe4 Bc5 15. a4 b4 16. Nd5 a5 17. Be3 Bxe3 18. fxe3 O-O 19. Rf6 c6 20. Rh6 Ng5 21. Qf5 cxd5 22. Rf6 gxf6 23. exf6 Ne6 24. Rf1 Kh8 25. Rf3 Rg8 26. Rh3 Rg6 27. Qxd5 Rc8 28. Rf3 Rc5 29. Qd6 Rxf6 30. Rxf6 Qxf6 0-1

[Event "Quebec op"]
[Site "Montreal CAN"]
[Date "1997.07.31"]
[Round "7"]
[White "Gofshtein, Leonid"]
[Black "Nogueiras, Jesus"]
[Result "1-0"]
[WhiteElo "2545"]
[BlackElo "2535"]
[PlyCount "83"]
[GameId "2160767911932419"]
[EventDate "1997.07.26"]
[EventType "swiss"]
[EventRounds "9"]
[EventCountry "CAN"]
[SourceTitle "EXT 97"]
[Source "ChessBase"]
[SourceDate "1997.11.17"]
[SourceVersion "1"]
[SourceVersionDate "1997.11.17"]
[SourceQuality "1"]

1. d4 d6 2. e4 g6 3. c4 e5 4. Ne2 Bg7 5. Nbc3 exd4 6. Nxd4 Ne7 7. Be3 Nbc6 8. Qd2 Be6 9. Be2 Qd7 10. O-O Nxd4 11. Bxd4 Bxd4 12. Qxd4 O-O 13. Rad1 Nc6 14. Qd2 Rad8 15. f4 f5 16. exf5 Bxf5 17. Bf3 Bg4 18. Bxg4 Qxg4 19. Nd5 Rd7 20. Rde1 a5 21. h3 Qh4 22. Re4 g5 23. Qe3 Rdf7 24. f5 Qh6 25. f6 Ne5 26. Rf5 Kh8 27. c5 c6 28. cxd6 Nd7 29. Nc7 Rxf6 30. Rxf6 Qxf6 31. Ne6 Rg8 32. Qb3 b5 33. Qc2 Rc8 34. Qd2 h6 35. Qxa5 Qxb2 36. Kh2 Qf6 37. Qd2 Ra8 38. Nc7 Rf8 39. Re6 Qg7 40. Re7 Rf7 41. Qe3 Qf6 42. Rxd7 1-0

[Event "Quebec op"]
[Site "Montreal CAN"]
[Date "1997.07.31"]
[Round "7"]
[White "Grondin, Jean-Philippe"]
[Black "Clement, Michel"]
[Result "0-1"]
[WhiteElo "2093"]
[BlackElo "1997"]
[PlyCount "70"]
[GameId "2160767911932420"]
[EventDate "1997.07.26"]
[EventType "swiss"]
[EventRounds "9"]
[EventCountry "CAN"]
[SourceTitle "EXT 97"]
[Source "ChessBase"]
[SourceDate "1997.11.17"]
[SourceVersion "1"]
[SourceVersionDate "1997.11.17"]
[SourceQuality "1"]

1. e4 c5 2. Nf3 Nc6 3. d4 cxd4 4. Nxd4 Nf6 5. Nc3 d6 6. Bg5 e6 7. Qd2 Be7 8. O-O-O a6 9. f4 Qc7 10. Nf3 h6 11. Bh4 Bd7 12. e5 dxe5 13. Nxe5 Rd8 14. Qe1 Nxe5 15. fxe5 Ng8 16. Ne4 g5 17. Bg3 Rc8 18. Bd3 h5 19. Rf1 Nh6 20. Nd6+ Bxd6 21. exd6 Qc5 22. Be5 Rg8 23. h3 f5 24. Rxf5 Nxf5 25. Bxf5 Rc6 26. Be4 Kd8 27. Bd4 Qb5 28. Qf2 Kc8 29. Bh7 Re8 30. Be3 Kb8 31. Qd2 g4 32. Qd4 b6 33. Bd3 Qc5 34. Qg7 Qxe3+ 35. Kb1 Rxd6 0-1